The role of post- harvest management in assuring the quality and safety of horticulture produce
Guardat en:
| Autor principal: | |
|---|---|
| Format: | Llibre |
| Idioma: | Undetermined |
| Publicat: |
Rome
FAO
2004
|
| Matèries: | |
| Etiquetes: |
Afegir etiqueta
Sense etiquetes, Sigues el primer a etiquetar aquest registre!
|
| Thư viện lưu trữ: | Trung tâm Học liệu Trường Đại học Cần Thơ |
|---|
| LEADER | 00614nam a2200193Ia 4500 | ||
|---|---|---|---|
| 001 | CTU_91386 | ||
| 008 | 210402s9999 xx 000 0 und d | ||
| 082 | |a 338.16 | ||
| 082 | |b K11 | ||
| 100 | |a Kader, Adel A. | ||
| 245 | 4 | |a The role of post- harvest management in assuring the quality and safety of horticulture produce | |
| 245 | 0 | |c Adel A. Kader, Rosa S. Rolle | |
| 260 | |a Rome | ||
| 260 | |b FAO | ||
| 260 | |c 2004 | ||
| 650 | |a Food industry and trade,Horticultural crops | ||
| 650 | |x Quality control,Postharvest technology | ||
| 904 | |i Năm | ||
| 980 | |a Trung tâm Học liệu Trường Đại học Cần Thơ | ||